Aprender a estudiar
Gorde:
| Egile nagusia: | |
|---|---|
| Formatua: | Liburua |
| Hizkuntza: | gaztelania |
| Argitaratua: |
Barcelona
Fontanella
1979
|
| Edizioa: | 5a. ed |
| Saila: | Serie educación, 3
|
| Gaiak: | |
| Etiketak: |
Etiketa erantsi
Etiketarik gabe, Izan zaitez lehena erregistro honi etiketa jartzen!
|
MARC
| LEADER | 00000nam a2200000 a 4500 | ||
|---|---|---|---|
| 001 | UCH7320 | ||
| 003 | CL-VaPUC | ||
| 008 | 091109e19790000SP |||||||||||||||||spa|d | ||
| 020 | |a 8422401646 | ||
| 082 | 0 | 4 | |a 371.3028 |b GUI |2 21 |
| 100 | |a Guinery, Michael |e author |9 543752 | ||
| 245 | 1 | 0 | |a Aprender a estudiar |
| 250 | |a 5a. ed | ||
| 300 | |a 101 p | ||
| 942 | |c BK | ||
| 945 | |d 20091109 00:00:00 |a lazolas | ||
| 260 | |a Barcelona |b Fontanella |c 1979 | ||
| 650 | 0 | |a Métodos de estudio |9 260518 | |
| 650 | 0 | |a Alumnos |9 335074 | |
| 650 | 0 | |a Actitud en el trabajo |9 334791 | |
| 650 | 7 | |a ESTUDIOS INDIVIDUALES |2 CL-VaPUC |9 543753 | |
| 650 | 0 | |a Medio ambiente |9 257625 | |
| 650 | 0 | |a Aprendizaje |9 254827 | |
| 583 | |a last modification |c 20091109 00:00:00 |k Rodrigo Vera | ||
| 490 | 0 | |a Serie educación, 3 | |
| 999 | |c 337973 |d 337971 | ||